Changing financial flows during Afghanistan's transition : the political economy fallout /

Bibliographic Details
Main Author: Byrd, William A. (Author)
Format: Government Document eBook
Language:English
Published: Washington, D.C. : United States Institute of Peace, 2013.
Series:Peace brief ; 157.
Subjects:
Online Access:https://purl.fdlp.gov/GPO/gpo57247
http://purl.fdlp.gov/GPO/gpo57247

MARC

Tag First Indicator Second Indicator Subfields
LEADER 00000cam a2200000 i 4500
001 in00003536413
005 20210430155409.0
006 m o d f
007 cr m||||||||||
008 140616s2013 dcu ob f000 0 eng c
035 |a (OCoLC)ocn881434007 
042 |a pcc 
043 |a a-af--- 
040 |a OLV  |b eng  |e rda  |e pn  |c TEF  |d OCLCF  |d GPO  |d OCL  |d OCLCO  |d GPO  |d MvI 
049 |a WWW 
074 |a 1063-K-19 (online) 
086 0 |a Y 3.P 31:26/157 
100 1 |a Byrd, William A.,  |e author. 
245 1 0 |a Changing financial flows during Afghanistan's transition :  |b the political economy fallout /  |c William Byrd. 
264 1 |a Washington, D.C. :  |b United States Institute of Peace,  |c 2013. 
300 |a 1 online resource (4 pages). 
336 |a text  |2 rdacontent 
337 |a computer  |2 rdamedia 
338 |a online resource  |2 rdacarrier 
490 1 |a Peacebrief ;  |v 157 
500 |a "September 11, 2013." 
504 |a Includes bibliographical references (page 4). 
500 |a Title from title screen (viewed June 16, 2014). 
651 0 |a Afghanistan  |x Economic conditions. 
650 0 |a Economic development  |z Afghanistan. 
651 0 |a Afghanistan  |x Economic policy. 
650 0 |a Postwar reconstruction  |z Afghanistan. 
651 0 |a Afghanistan  |x Politics and government  |y 2001- 
650 7 |a Economic development.  |2 fast  |0 (OCoLC)fst00901785 
650 7 |a Economic history.  |2 fast  |0 (OCoLC)fst00901974 
650 7 |a Economic policy.  |2 fast  |0 (OCoLC)fst00902025 
650 7 |a Politics and government.  |2 fast  |0 (OCoLC)fst01919741 
650 7 |a Postwar reconstruction.  |2 fast  |0 (OCoLC)fst01200084 
651 7 |a Afghanistan.  |2 fast  |0 (OCoLC)fst01205406 
648 7 |a Since 2000  |2 fast 
710 2 |a United States Institute of Peace,  |e issuing body. 
830 0 |a Peace brief ;  |v 157. 
856 4 0 |u https://purl.fdlp.gov/GPO/gpo57247  |t 0 
856 4 0 |u http://purl.fdlp.gov/GPO/gpo57247  |t 0 
999 f f |s 8a477717-a052-3523-b760-0c739a4db08d  |i a544dfb7-1dff-3d8b-85ed-8a98908bac5a  |t 0 
952 f f |a Texas A&M University  |b College Station  |c Electronic Resources  |d Available Online  |t 0  |e Y 3.P 31:26/157  |h Superintendent of Documents classification 
998 f f |a Y 3.P 31:26/157  |t 0  |l Available Online